000 00223nam a2200097Ia 4500
005 20251222114344.0
008 251222s1900||||xx |||||||||||||| ||spa||
082 _aDVD0160/W75A/2005
245 0 _aCon ánimo de amar:
942 _cDVD
999 _c964
_d964